Catálogo
 En Linea

El Camino del Sol / (Registro nro. 42863)

Detalles MARC
000 -CABECERA
campo de control de longitud fija 00494nam a2200145 a 4500
001 - NÚMERO DE CONTROL
campo de control 000043374
005 - FECHA Y HORA DE LA ÚLTIMA TRANSACCIÓN
campo de control 20201002040846.0
008 - DATOS DE LONGITUD FIJA--INFORMACIÓN GENERAL
campo de control de longitud fija 140312s2005 sp af 000 0 spa d
020 ## - NÚMERO INTERNACIONAL ESTÁNDAR DEL LIBRO
Número Internacional Estándar del Libro 8481812595
040 ## - FUENTE DE LA CATALOGACIÓN
Centro catalogador/agencia de origen DO-SdBNP
Lengua de catalogación spa
Centro/agencia transcriptor BNPHU
100 1# - ENTRADA PRINCIPAL--NOMBRE DE PERSONA
Nombre de persona González, Francisco
9 (RLIN) 71036
245 13 - MENCIÓN DE TÍTULO
Título El Camino del Sol /
Mención de responsabilidad, etc. Francisco González.
260 ## - PUBLICACIÓN, DISTRIBUCIÓN, ETC.
Lugar de publicación, distribución, etc. madrid :
Nombre del editor, distribuidor, etc. Ministerio de Cultura, Dirección General de Cooperación y Comunicación Cultural,
Fecha de publicación, distribución, etc. 2005.
300 ## - DESCRIPCIÓN FÍSICA
Extensión 206 p. [201] lám. :
Otras características físicas il. ;
Dimensiones 27 cm.
Existencias
Estado de retiro Estado de pérdida Restricciones de uso No para préstamo Código de colección Localización permanente Ubicación/localización actual Ubicación en estantería Fecha de adquisición Número de inventario Total de préstamos Signatura topográfica completa Código de barras Fecha visto por última vez Precio válido a partir de Tipo de ítem Koha
      Excluido de préstamo Monografías: Libros y Folletos General General En catalogación 12.03.2014 LF1   43374-10 25.06.2020 25.06.2020 No se presta

Con tecnología Koha